00643 2200229 4500001002300000005001700023006001900040008004100059020002200100035002500122040001200147082001600159084001600175090004300191100001600234245004600250250001000296260004000306300003000346850001500376990002200391NBPULOB00000000000617020140429101144.0a ||| | 161121| ||| |  a978-979-9012-91-3 a0010-041400000000653 aNPBULOB0 a2x9.1.Set.u a2x9.1.Set.u a2x9.1.Set.u / cerita Dewasa / Rak.18.30 aA. Setiawan00aUmeir bin Wahab " Pahlawan di kala duka " aCet.I aJakarta PusatbCV. Titian Imuc1997 a74 halmbilusc19x20,5 cm aKPAD Lobar a21.095 /Sumb/2009